|
|
|
|
| LEADER |
00937pam a22002418a 4500 |
| 001 |
00043559 |
| 005 |
20190117150101.0 |
| 008 |
110526s2005 ||||||Viesd |
| 041 |
0 |
# |
|a Vie
|
| 082 |
1 |
# |
|a 671.3
|b GI100C
|
| 100 |
0 |
# |
|a Nguyễn Trọng Bình
|e Chủ biên
|
| 245 |
0 |
0 |
|a Gia công cơ khí
|b Giáo trình cao đẳng sư phạm
|c Nguyễn Trọng Bình, Nguyễn Văn Hảo; Nguyễn Trọng Bình
|
| 260 |
# |
# |
|a Hà Nội
|b Đại học sư phạm
|c 2004
|
| 300 |
# |
# |
|a 208 tr.
|c 30 cm.
|
| 500 |
# |
# |
|a Bộ giáo dục và đào tạo. Dự án đào tạo giáo viên trung học cơ sở
|
| 650 |
# |
# |
|a Gia công
|
| 650 |
# |
7 |
|a Giáo trình
|
| 653 |
# |
# |
|a Cơ khí
|
| 700 |
0 |
# |
|a Nguyễn Văn Hảo
|
| 700 |
1 |
# |
|a Nguyễn, Trọng Bình
|
| 852 |
# |
# |
|j KD.0025903
|
| 910 |
# |
# |
|a Chánh
|d 17/1/2019
|
| 980 |
# |
# |
|a Trung tâm Học liệu Lê Vũ Hùng, Trường Đại học Đồng Tháp
|